000 01287nam a2200325Ia 4500
001 ebr10257435
003 CaPaEBR
006 m u
007 cr cn|||||||||
008 080530s2008 enkab sb 001 0 eng d
010 _z 2008023656
020 _z9780754672388
020 _z0754672387
040 _aCaPaEBR
_cCaPaEBR
035 _a(OCoLC)441825645
050 1 4 _aHV640.4.A78
_bP76 2008eb
245 0 0 _aProtracted displacement in Asia
_h[electronic resource] :
_bno place to call home /
_cedited by Howard Adelman.
260 _aAldershot, England ;
_aBurlington, VT :
_bAshgate,
_cc2008.
300 _axxxvii, 243 p. :
_bill., maps.
490 1 _aLaw, ethics and governance series
504 _aIncludes bibliographical references and index.
533 _aElectronic reproduction.
_bPalo Alto, Calif. :
_cebrary,
_d2009.
_nAvailable via World Wide Web.
_nAccess may be limited to ebrary affiliated libraries.
650 0 _aRefugees
_zAsia.
650 0 _aForced migration
_zAsia.
655 7 _aElectronic books.
_2local
700 1 _aAdelman, Howard,
_d1938-
710 2 _aebrary, Inc.
830 0 _aLaw, ethics and governance.
856 4 0 _uhttp://site.ebrary.com/lib/rucke/Doc?id=10257435
_zAn electronic book accessible through the World Wide Web; click to view
999 _c13576
_d13576